Normal view
MARC view
Entry Personal Name
001 - CONTROL NUMBER
- control field: 37840
003 - CONTROL NUMBER IDENTIFIER
- control field: OSt
005 - DATE AND TIME OF LATEST TRANSACTION
- control field: 20230424143252.0
008 - FIXED-LENGTH DATA ELEMENTS
- fixed length control field: 230424|| aca||aabn | a|a d
040 ## - CATALOGING SOURCE
- Original cataloging agency: OSt
- Transcribing agency: OSt
100 ## - HEADING--PERSONAL NAME
- Personal name: Durmus, Elif and Oomen, Barbara
670 ## - SOURCE DATA FOUND
- Source citation: Work cat.: (OSt)521911: Durmus, Elif and Oomen, Barbara, Transnational city networks and their contributions to norm-generation in international law: The case of migration
